Online
Catalog

Hacia un nuevo humanismo / (Record no. 34262)

MARC details
000 -CABECERA
campo de control de longitud fija 01873nam a2200241 a 4500
001 - NÚMERO DE CONTROL
campo de control 000034771
005 - FECHA Y HORA DE LA ÚLTIMA TRANSACCIÓN
campo de control 20250424134023.0
008 - DATOS DE LONGITUD FIJA--INFORMACIÓN GENERAL
campo de control de longitud fija 111019s1957 sp 000 0 spa d
040 ## - FUENTE DE LA CATALOGACIÓN
Centro catalogador/agencia de origen DO-SdBNP
Lengua de catalogación spa
Centro/agencia transcriptor BNPHU
082 ## - NÚMERO DE LA CLASIFICACIÓN DECIMAL DEWEY
Número de clasificación 144
Número de documento/Ítem H117u
240 10 - TÍTULO UNIFORME
Título uniforme Pour un nouvel humanisme
Lenguaje de la obra español
245 00 - MENCIÓN DE TÍTULO
Título Hacia un nuevo humanismo /
Mención de responsabilidad, etc. presentación José L. Aranguren ; traducción E. Caballero Calderón.
260 ## - PUBLICACIÓN, DISTRIBUCIÓN, ETC.
Lugar de publicación, distribución, etc. Madrid :
Nombre del editor, distribuidor, etc. Guadarrama,
Fecha de publicación, distribución, etc. 1957.
300 ## - DESCRIPCIÓN FÍSICA
Extensión 402 p. ;
Dimensiones 19 cm.
490 1# - MENCIÓN DE SERIE
Mención de serie Colección Guadarrama de crítica y ensayo
Designación de volumen o secuencia 9
500 ## - NOTA GENERAL
Nota general Traducido del francés
505 0# - NOTA DE CONTENIDO CON FORMATO
Título Sobre el humanismo /
Mención de responsabilidad José Luis L. Aranguren --
Título El Humanismo clásico y el mundo moderno /
Mención de responsabilidad René Grousset --
Información miscelánea Discusión sobre la primera conferncia --
Título La actualidad del mensaje cristiano /
Mención de responsabilidad Karl Barth --
Título la actualidad del mensaje cristiano /
Mención de responsabilidad R. P. Maydieu --
Información miscelánea Discusión sobre las conferencias de Barth y Maydien --
-- Segunda discusión sobre las conferencias de Barth y Maydien --
Título El hombre de las civilizaciones orientales /
Mención de responsabilidad Paul Mason-Oursel --
Título El hombre de las revoluciones técnicas e industriales /
Mención de responsabilidad Maxime Leroy --
Información miscelánea Discusión sobre las conferencias de Masson-Oursel y Leroy --
Título El hombre de las revoluciones políticas y sociales /
Mención de responsabilidad Henri Lefébvre --
Título el hombre en el universo visto por un escritor /
Mención de responsabilidad Jhon Middleton-Murry --
Información miscelánea Discusión sobre las conferencias de Lefébvre y Haldane --
-- Discusión sobre la conferencia de Lefébvre --
-- Discusión sobre las conferencias de Middleton-Murry, Lefébvre y Haldane --
Título Condiciones y posibilidades de un nuevo Humanismo /
Mención de responsabilidad Karl Jasper --
Información miscelánea Conclusiones
650 #0 - PUNTO DE ACCESO ADICIONAL DE MATERIA--TÉRMINO DE MATERIA
Término de materia o nombre geográfico como elemento de entrada Humanismo
9 (RLIN) 33685
700 1# - PUNTO DE ACCESO ADICIONAL--NOMBRE DE PERSONA
Nombre de persona Aranguren, José Luis L.,
Fechas asociadas al nombre 1909-1996
9 (RLIN) 49974
700 1# - PUNTO DE ACCESO ADICIONAL--NOMBRE DE PERSONA
Nombre de persona Caballero Calderón, E.,
Fechas asociadas al nombre 1910-1993
9 (RLIN) 60260
700 1# - PUNTO DE ACCESO ADICIONAL--NOMBRE DE PERSONA
Nombre de persona Grousset, René,
Fechas asociadas al nombre 1885-1952.
9 (RLIN) 60261
830 #0 - PUNTO DE ACCESO ADICIONAL DE SERIE-TÍTULO UNIFORME
Título uniforme Colección Guadarrama de crítica y ensayo
Designación de volumen o secuencia 9
9 (RLIN) 60262
Holdings
Estado de retiro Estado de pérdida Restricciones de uso No para préstamo Código de colección Localización permanente Ubicación/localización actual Ubicación en estantería Fecha de adquisición Número de inventario Total de préstamos Signatura topográfica completa Código de barras Fecha visto por última vez Precio válido a partir de Tipo de ítem Koha Nota pública
      Excluido de préstamo Monografías: Libros y Folletos General General Depósito 19.10.2011 LF1   144 H117u 34771-10 25.06.2020 25.06.2020 No se presta Perteneció a la biblioteca personal de Juan Isidro Jimenes -Grullón

Powered by Koha